Phim tài liệu Hồ Chí Minh chân dung một con người : Phim tài liệu
Bewaard in:
| Formaat: | CD |
|---|---|
| Taal: | Vietnamese |
| Gepubliceerd in: |
Viện tư liệu,
1990
|
| Tags: |
Voeg label toe
Geen labels, Wees de eerste die dit record labelt!
|
| Thư viện lưu trữ: | Thư viện Trường Đại học Đà Lạt |
|---|
| LEADER | 00603nam a2200253 4500 | ||
|---|---|---|---|
| 001 | DLU060051079 | ||
| 005 | ##20051123 | ||
| 040 | # | # | |a DLU |b vie |
| 041 | # | # | |a vie |
| 044 | # | # | |a vn |
| 082 | # | # | |a 923.1 |b Phi |
| 245 | # | # | |a Phim tài liệu Hồ Chí Minh chân dung một con người : |b Phim tài liệu |
| 256 | # | # | |a 4 3/4 in. |
| 260 | # | # | |b Viện tư liệu, |c 1990 |
| 300 | # | # | |a 1 đĩa CD-ROM 4 3/4 in. |
| 992 | # | # | |a 0 |
| 994 | # | # | |a DLU |
| 900 | # | # | |a True |
| 911 | # | # | |a Nguyễn Xuân Phương |
| 925 | # | # | |a CD |
| 926 | # | # | |a A |
| 927 | # | # | |a CD |
| 980 | # | # | |a Thư viện Trường Đại học Đà Lạt |